000 00261nam a2200109Ia 4500
005 20251222114403.0
008 251222s1900||||xx |||||||||||||| ||spa||
082 _aDVD0080/W17/1988
245 0 _aLos PoseĆ­dos
264 _bGaumont Production Films
942 _cDVD
999 _c1719
_d1719